Destinations from the Manchester-Boston Regional Airport (KMHT/MHT) - Statistics

General Stats
  • This quiz has been taken 24 times
  • The average score is 14 of 20
Answer Stats
Airlines Answer % Correct
Southwest Baltimore
91%
Avelo Lakeland/Orlando/Tampa
91%
United Express Newark
91%
Southwest Orlando
91%
Breeze Orlando
91%
JetBlue Orlando
91%
American Eagle Philadelphia
91%
American/ American Eagle Charlotte
82%
Avelo Concord/Charlotte
82%
JetBlue Fort Lauderdale
82%
Southwest Tampa
82%
Breeze Fort Myers
64%
Jetblue Fort Myers
64%
Sun country Minneapolis
55%
Breeze Charleston
45%
Southwest Chicago-Midway
45%
Avelo Raleigh/Durham
45%
American Eagle Chicago O’Hare
36%
American Eagle Washington Reagan
36%
Avelo Greensville-Spartanburg
9%
No matching quizzes found
Score Distribution
Percent of People with Each Score
Percentile by Number Answered
Your Score History
You have not taken this quiz